| 000 | 01083nam a2200313 i 4500 | ||
|---|---|---|---|
| 003 | DO-SdBNP | ||
| 005 | 20260326111855.0 | ||
| 007 | ta | ||
| 008 | 250313s1998 dr r 000 0 spa d | ||
| 040 |
_aDO-SdBNP _bspa _cBNPHU _erda |
||
| 041 | _aspa | ||
| 082 | 4 |
_a347.7293013 _bR426L, 1998 _222 |
|
| 110 | 1 |
_aRepública Dominicana _9447 |
|
| 240 | 1 | 0 | _a[Leyes, etc.] |
| 245 | 1 | 0 |
_aLey no. 821 de organización judicial y sus modificaciones del 21 de noviembre de 1927 G.O. no. 3921 : _bincluye legislación complementaria / |
| 264 | 1 |
_aSanto Domingo : _b[editor no identificado], _c1998. |
|
| 300 |
_a66 páginas ; _c21 cm. |
||
| 336 |
_atexto _btxt _2rdacontent |
||
| 337 |
_asin mediación _bn _2rdamedia |
||
| 338 |
_ardacarrier _bnc _2rdacarrier |
||
| 590 | _aInventariado, 2025/ YL | ||
| 650 | 0 |
_aAdministración de justicia _910083 |
|
| 650 | 0 |
_aJueces _936034 |
|
| 650 | 4 |
_aPoder judicial _xLegislación _930796 |
|
| 650 | 4 |
_aTribunales _zRepública Dominicana _936035 |
|
| 651 | 4 |
_aRepública Dominicana _xLey 821-27 _930797 |
|
| 910 | _aYLockward | ||
| 942 |
_2ddc _cLBS1 |
||
| 999 |
_c58420 _d58420 |
||